Top 5 Best NFL teams of the 80's - Statistics

General Stats
  • This quiz has been taken 467 times
  • The average score is 3 of 5
Answer Stats
Wins Team % Correct
104 San Francisco 49ers
93%
94 Miami Dolphins
69%
92 Chicago Bears
67%
93 Denver Broncos
59%
97 Washington Redskins
58%
No matching quizzes found
Score Distribution
Percent of People with Each Score
Percentile by Number Answered
Your Score History
You have not taken this quiz